| 000 | 01111cam a2200301 a 4500 | ||
|---|---|---|---|
| 999 |
_c330771 _d330771 |
||
| 001 | 13359604 | ||
| 003 | NUST | ||
| 005 | 20170806111203.0 | ||
| 008 | 030424s2002 pk ab 000 0 eng | ||
| 010 | _a 2003341185 | ||
| 020 |
_a9693513843 _cRs. 600 |
||
| 025 | _aP-E-2003341185; 07; 12 | ||
| 035 | _a(DLC) 2003341185 | ||
| 040 |
_aDLC _cDLC _dWaU |
||
| 042 |
_alcode _apcc |
||
| 043 |
_aa-pk--- _aa-ii--- |
||
| 050 | 0 | 0 |
_aDS392.2.L3 _bC43 2002 |
| 082 |
_a954.9145 _bCHA |
||
| 100 | 1 |
_aChaudhry, Nazir Ahmad. _93745 |
|
| 245 | 1 | 0 |
_aAnarkali : _barchives and tomb of Sahib Jamal : a study in perspective / _cNazir Ahmad Chaudhry. |
| 260 |
_aLahore : _bSang-e-Meel Publications, _c2002. |
||
| 300 |
_a80 p. : _bill. (some col.), maps ; _c28 cm. |
||
| 504 | _aIncludes bibliographical references (p. 77-78) and index. | ||
| 610 | 1 | 0 |
_aPunjab (India). _bRecord Office _xHistory. _93746 |
| 650 | 0 |
_aTomb of Anarkali (Lahore, Pakistan) _93747 |
|
| 906 |
_a7 _bcbc _corigode _d3 _encip _f20 _gy-gencatlg |
||
| 942 |
_2ddc _cBK |
||